000 00325nam a2200133Ia 4500
005 20260328101520.0
008 260328s9999||||xx |||||||||||||| ||und||
100 _aGilardoni, Virgilio
245 0 _aNaissance de l'art /
_cVirgilio Gilardoni
260 _bClairefontaine
300 _a75 p.
650 _aHISTORIA
942 _cBK
999 _c9544
_d9544